<?xml version="1.0" encoding="UTF-8"?><?xml-stylesheet type="text/xsl" href="static/style.xsl"?><OAI-PMH xmlns="http://www.openarchives.org/OAI/2.0/" xmlns:xsi="http://www.w3.org/2001/XMLSchema-instance" xsi:schemaLocation="http://www.openarchives.org/OAI/2.0/ http://www.openarchives.org/OAI/2.0/OAI-PMH.xsd"><responseDate>2026-06-07T15:53:19Z</responseDate><request verb="GetRecord" identifier="oai:docta.ucm.es:20.500.14352/103583" metadataPrefix="marc">https://docta.ucm.es/rest/oai/request</request><GetRecord><record><header><identifier>oai:docta.ucm.es:20.500.14352/103583</identifier><datestamp>2025-03-18T15:04:36Z</datestamp><setSpec>com_20.500.14352_14</setSpec><setSpec>col_20.500.14352_15</setSpec></header><metadata><record xmlns="http://www.loc.gov/MARC21/slim" xmlns:dcterms="http://purl.org/dc/terms/" xmlns:xsi="http://www.w3.org/2001/XMLSchema-instance" xmlns:doc="http://www.lyncode.com/xoai" xsi:schemaLocation="http://www.loc.gov/MARC21/slim http://www.loc.gov/standards/marcxml/schema/MARC21slim.xsd">
   <leader>00925njm 22002777a 4500</leader>
   <datafield ind2=" " ind1=" " tag="042">
      <subfield code="a">dc</subfield>
   </datafield>
   <datafield ind2=" " ind1=" " tag="720">
      <subfield code="a">Solana García, María José</subfield>
      <subfield code="e">author</subfield>
   </datafield>
   <datafield ind2=" " ind1=" " tag="720">
      <subfield code="a">Slocker, María</subfield>
      <subfield code="e">author</subfield>
   </datafield>
   <datafield ind2=" " ind1=" " tag="720">
      <subfield code="a">Martínez de Compañon, Zuriñe</subfield>
      <subfield code="e">author</subfield>
   </datafield>
   <datafield ind2=" " ind1=" " tag="720">
      <subfield code="a">Olmedilla, Marta</subfield>
      <subfield code="e">author</subfield>
   </datafield>
   <datafield ind2=" " ind1=" " tag="720">
      <subfield code="a">Miñambres, María</subfield>
      <subfield code="e">author</subfield>
   </datafield>
   <datafield ind2=" " ind1=" " tag="720">
      <subfield code="a">Reyes, Susana</subfield>
      <subfield code="e">author</subfield>
   </datafield>
   <datafield ind2=" " ind1=" " tag="720">
      <subfield code="a">Fernández, Reyes</subfield>
      <subfield code="e">author</subfield>
   </datafield>
   <datafield ind2=" " ind1=" " tag="720">
      <subfield code="a">Rodríguez, Eva</subfield>
      <subfield code="e">author</subfield>
   </datafield>
   <datafield ind2=" " ind1=" " tag="720">
      <subfield code="a">Redondo, Silvia</subfield>
      <subfield code="e">author</subfield>
   </datafield>
   <datafield ind2=" " ind1=" " tag="720">
      <subfield code="a">Díaz, Laura</subfield>
      <subfield code="e">author</subfield>
   </datafield>
   <datafield ind2=" " ind1=" " tag="720">
      <subfield code="a">Sánchez, María</subfield>
      <subfield code="e">author</subfield>
   </datafield>
   <datafield ind2=" " ind1=" " tag="720">
      <subfield code="a">López-Herce Cid, Jesús</subfield>
      <subfield code="e">author</subfield>
   </datafield>
   <datafield ind2=" " ind1=" " tag="260">
      <subfield code="c">2023-02-08</subfield>
   </datafield>
   <datafield ind2=" " ind1=" " tag="520">
      <subfield code="a">Background: Enteral nutrition interruptions (ENI) are prevalent in the pediatric intensive care unit (PICU), but there is little evidence of their characteristics. Methods: This is a cross-sectional multicenter study including critically ill children on enteral nutrition. ENIs were classified as PICU procedures, procedures performed outside the PICU (PPOP), feeding intolerance and other criteria. The number and features of ENIs were collected. Results: A total of 75 children were enrolled. There were 41 interruptions affecting 37.3% of the patients with a median duration of 5 ± 9.4 h. The most common reason for ENI was PPOP (41.5%), followed by other criteria. Interruptions were considered preventable in 24.4% of the cases, but only eight were compensated. ENIs were more prevalent among children with cardiac disease (p = 0.047), higher PRISM (p = 0.047) and longer PICU stay (p = 0.035). There was association between PRISM and total interruption time (p = 0.02) and lower caloric intake (p = 0.035). Patients with respiratory illness (p = 0.022) and on noninvasive ventilation (p = 0,028) had fewer ENIs. ENI total time was associated with lower caloric (p = 0.001) and protein (p = 0.02) intake. Conclusions: ENIs are prevalent in PICU, especially in children with higher PRISM, longer PICU stays and cardiac disease, and result in lower caloric and protein intake.</subfield>
   </datafield>
   <datafield ind1="8" ind2=" " tag="024">
      <subfield code="a">Solana, M. J., Slocker, M., Martínez de Compañon, Z., Olmedilla, M., Miñambres, M., Reyes, S., Fernández, R., Rodríguez, E., Redondo, S., Díaz, L., Sánchez, M., &amp; López-Herce, J. (2023). Prevalence, Risk Factors and Impact of Nutrition Interruptions in Critically Ill Children. Nutrients, 15(4), 855. https://doi.org/10.3390/nu15040855</subfield>
   </datafield>
   <datafield ind1="8" ind2=" " tag="024">
      <subfield code="a">2072-6643</subfield>
   </datafield>
   <datafield ind1="8" ind2=" " tag="024">
      <subfield code="a">10.3390/nu15040855</subfield>
   </datafield>
   <datafield ind1="8" ind2=" " tag="024">
      <subfield code="a">https://hdl.handle.net/20.500.14352/103583</subfield>
   </datafield>
   <datafield ind1="8" ind2=" " tag="024">
      <subfield code="a">https://doi.org/10.3390/nu15040855</subfield>
   </datafield>
   <datafield ind1="8" ind2=" " tag="024">
      <subfield code="a">36839213</subfield>
   </datafield>
   <datafield ind2="0" ind1="0" tag="245">
      <subfield code="a">Prevalence, Risk Factors and Impact of Nutrition Interruptions in Critically Ill Children</subfield>
   </datafield>
</record></metadata></record></GetRecord></OAI-PMH>